000
00262nam a22001217a 4500
008
181102b xxu||||| |||| 00| 0 eng d
041
_a
eng
080
_a
611
100
_a
6
101
_a
ANA
245
_a
Physiology and Hygiene
_c
Colton, B.P
942
_2
udc
_c
BK
999
_c
51602
_d
51602